00598nam a2200157 a 450000100100000000500170001000800410002704000250006811000670009324500570016026000640021730000280028104900090030995201050031899900170042300003046620200930062328.0110518s20uu dr a 000 0 spa d aDO-SdBNPbspacBNPHU1 aRepública DominicanabJefatura de la Policia Nacional95709710aManual de orientación para la seguridad ciudadana. aSanto Domingo :bJefatura de la Policia Nacional,c[20--?]. a[6 p.] :bil. ;c21 cm. aBNPD 0010718PDaPDbPDcCTd2011-05-18iLF1l0o p30466-10r2020-06-25w2020-06-25yLFPDZNo se presta c29958d29958